<?xml version="1.0" encoding="UTF-8"?>
<collection xmlns="http://www.loc.gov/MARC21/slim">
 <record>
  <leader>04844cam a2200841   4500</leader>
  <controlfield tag="001">1748193066</controlfield>
  <controlfield tag="003">DE-627</controlfield>
  <controlfield tag="005">20230406164952.0</controlfield>
  <controlfield tag="007">tu</controlfield>
  <controlfield tag="008">210212s2020    xx |||||      00| ||eng c</controlfield>
  <datafield tag="020" ind1=" " ind2=" ">
   <subfield code="a">946270242X</subfield>
   <subfield code="9">94-6270-242-X</subfield>
  </datafield>
  <datafield tag="020" ind1=" " ind2=" ">
   <subfield code="a">9789462702424</subfield>
   <subfield code="9">978-94-6270-242-4</subfield>
  </datafield>
  <datafield tag="035" ind1=" " ind2=" ">
   <subfield code="a">(DE-627)1748193066</subfield>
  </datafield>
  <datafield tag="035" ind1=" " ind2=" ">
   <subfield code="a">(DE-599)KXP1748193066</subfield>
  </datafield>
  <datafield tag="035" ind1=" " ind2=" ">
   <subfield code="a">(OCoLC)1237357323</subfield>
  </datafield>
  <datafield tag="040" ind1=" " ind2=" ">
   <subfield code="a">DE-627</subfield>
   <subfield code="b">ger</subfield>
   <subfield code="c">DE-627</subfield>
   <subfield code="e">rda</subfield>
  </datafield>
  <datafield tag="041" ind1=" " ind2=" ">
   <subfield code="a">eng</subfield>
  </datafield>
  <datafield tag="050" ind1=" " ind2="0">
   <subfield code="a">AM</subfield>
  </datafield>
  <datafield tag="082" ind1="0" ind2=" ">
   <subfield code="a">069</subfield>
  </datafield>
  <datafield tag="084" ind1=" " ind2=" ">
   <subfield code="a">KUNST</subfield>
   <subfield code="q">DE-14</subfield>
   <subfield code="2">fid</subfield>
  </datafield>
  <datafield tag="084" ind1=" " ind2=" ">
   <subfield code="a">AP 92100</subfield>
   <subfield code="q">DE-14/sred</subfield>
   <subfield code="2">rvk</subfield>
   <subfield code="0">(DE-625)rvk/8128:658</subfield>
  </datafield>
  <datafield tag="084" ind1=" " ind2=" ">
   <subfield code="a">21.40</subfield>
   <subfield code="2">bkl</subfield>
  </datafield>
  <datafield tag="084" ind1=" " ind2=" ">
   <subfield code="a">20.06</subfield>
   <subfield code="2">bkl</subfield>
  </datafield>
  <datafield tag="084" ind1=" " ind2=" ">
   <subfield code="a">02.30</subfield>
   <subfield code="2">bkl</subfield>
  </datafield>
  <datafield tag="100" ind1="1" ind2=" ">
   <subfield code="a">Moschovi, Alexandra</subfield>
   <subfield code="e">VerfasserIn</subfield>
   <subfield code="0">(DE-588)1053587686</subfield>
   <subfield code="0">(DE-627)790333236</subfield>
   <subfield code="0">(DE-576)409539295</subfield>
   <subfield code="4">aut</subfield>
  </datafield>
  <datafield tag="245" ind1="1" ind2="2">
   <subfield code="a">A gust of photo-philia</subfield>
   <subfield code="b">photography in the art museum</subfield>
   <subfield code="c">Alexandra Moschovi</subfield>
  </datafield>
  <datafield tag="264" ind1=" " ind2="1">
   <subfield code="a">[Leuven</subfield>
   <subfield code="b">Leuven University Press</subfield>
   <subfield code="c">[2020]</subfield>
  </datafield>
  <datafield tag="300" ind1=" " ind2=" ">
   <subfield code="a">329 Seiten</subfield>
   <subfield code="b">Illustrationen</subfield>
   <subfield code="c">23 cm</subfield>
  </datafield>
  <datafield tag="336" ind1=" " ind2=" ">
   <subfield code="a">Text</subfield>
   <subfield code="b">txt</subfield>
   <subfield code="2">rdacontent</subfield>
  </datafield>
  <datafield tag="336" ind1=" " ind2=" ">
   <subfield code="a">unbewegtes Bild</subfield>
   <subfield code="b">sti</subfield>
   <subfield code="2">rdacontent</subfield>
  </datafield>
  <datafield tag="337" ind1=" " ind2=" ">
   <subfield code="a">ohne Hilfsmittel zu benutzen</subfield>
   <subfield code="b">n</subfield>
   <subfield code="2">rdamedia</subfield>
  </datafield>
  <datafield tag="338" ind1=" " ind2=" ">
   <subfield code="a">Band</subfield>
   <subfield code="b">nc</subfield>
   <subfield code="2">rdacarrier</subfield>
  </datafield>
  <datafield tag="490" ind1="1" ind2=" ">
   <subfield code="a">Lieven Gevaert series</subfield>
   <subfield code="v">29</subfield>
  </datafield>
  <datafield tag="520" ind1=" " ind2=" ">
   <subfield code="a">Photography was long regarded as a &quot;middlebrow&quot; art by the art institution. Yet, at the turn of the millennium it became the hot, global art of our time. In this book - part institutional history, part account of shifting photographic theories and practices - Alexandra Moschovi tells the story of photography?s accommodation in and as contemporary art in the art museum. Archival research of key exhibitions and the contrasting collecting policies of MoMA, Tate, the Guggenheim, the V&amp;A, and the Centre Pompidou offer new insights into how art as photography and photography as art have been collected and exhibited since the 1930s. Moschovi argues that this accommodation not only changed photography?s status in art, culture, and society, but also played a significant role in the rebranding of the art museum as a cultural and social site</subfield>
  </datafield>
  <datafield tag="650" ind1=" " ind2="0">
   <subfield code="a">Photography</subfield>
   <subfield code="x">Exhibitions</subfield>
  </datafield>
  <datafield tag="650" ind1=" " ind2="0">
   <subfield code="a">Art museums</subfield>
   <subfield code="x">Exhibitions</subfield>
  </datafield>
  <datafield tag="650" ind1=" " ind2="4">
   <subfield code="a">Art museums</subfield>
  </datafield>
  <datafield tag="650" ind1=" " ind2="4">
   <subfield code="a">Photography</subfield>
  </datafield>
  <datafield tag="650" ind1=" " ind2="4">
   <subfield code="a">Exhibition catalogs</subfield>
  </datafield>
  <datafield tag="689" ind1="0" ind2="0">
   <subfield code="d">s</subfield>
   <subfield code="0">(DE-588)4045895-7</subfield>
   <subfield code="0">(DE-627)104434880</subfield>
   <subfield code="0">(DE-576)209067160</subfield>
   <subfield code="a">Fotografie</subfield>
   <subfield code="2">gnd</subfield>
  </datafield>
  <datafield tag="689" ind1="0" ind2="1">
   <subfield code="d">s</subfield>
   <subfield code="0">(DE-588)4051494-8</subfield>
   <subfield code="0">(DE-627)106176838</subfield>
   <subfield code="0">(DE-576)209093439</subfield>
   <subfield code="a">Sammeln</subfield>
   <subfield code="2">gnd</subfield>
  </datafield>
  <datafield tag="689" ind1="0" ind2="2">
   <subfield code="d">s</subfield>
   <subfield code="0">(DE-588)4040795-0</subfield>
   <subfield code="0">(DE-627)106221485</subfield>
   <subfield code="0">(DE-576)209042311</subfield>
   <subfield code="a">Museum</subfield>
   <subfield code="2">gnd</subfield>
  </datafield>
  <datafield tag="689" ind1="0" ind2=" ">
   <subfield code="5">(DE-627)</subfield>
  </datafield>
  <datafield tag="689" ind1="1" ind2="0">
   <subfield code="d">s</subfield>
   <subfield code="0">(DE-588)4166041-9</subfield>
   <subfield code="0">(DE-627)839448066</subfield>
   <subfield code="0">(DE-576)209899530</subfield>
   <subfield code="a">Kunstmuseum</subfield>
   <subfield code="2">gnd</subfield>
  </datafield>
  <datafield tag="689" ind1="1" ind2="1">
   <subfield code="d">s</subfield>
   <subfield code="0">(DE-588)4131892-4</subfield>
   <subfield code="0">(DE-627)105691755</subfield>
   <subfield code="0">(DE-576)209631066</subfield>
   <subfield code="a">Museumsbestand</subfield>
   <subfield code="2">gnd</subfield>
  </datafield>
  <datafield tag="689" ind1="1" ind2="2">
   <subfield code="d">s</subfield>
   <subfield code="0">(DE-588)4045895-7</subfield>
   <subfield code="0">(DE-627)104434880</subfield>
   <subfield code="0">(DE-576)209067160</subfield>
   <subfield code="a">Fotografie</subfield>
   <subfield code="2">gnd</subfield>
  </datafield>
  <datafield tag="689" ind1="1" ind2="3">
   <subfield code="d">s</subfield>
   <subfield code="0">(DE-588)4000626-8</subfield>
   <subfield code="0">(DE-627)106400541</subfield>
   <subfield code="0">(DE-576)208838821</subfield>
   <subfield code="a">Ästhetik</subfield>
   <subfield code="2">gnd</subfield>
  </datafield>
  <datafield tag="689" ind1="1" ind2="4">
   <subfield code="d">s</subfield>
   <subfield code="0">(DE-588)4128844-0</subfield>
   <subfield code="0">(DE-627)105714259</subfield>
   <subfield code="0">(DE-576)209605545</subfield>
   <subfield code="a">Sammlung</subfield>
   <subfield code="2">gnd</subfield>
  </datafield>
  <datafield tag="689" ind1="1" ind2="5">
   <subfield code="a">z</subfield>
   <subfield code="2">gnd</subfield>
   <subfield code="a">Geschichte 1930-2020</subfield>
  </datafield>
  <datafield tag="689" ind1="1" ind2=" ">
   <subfield code="5">(DE-627)</subfield>
  </datafield>
  <datafield tag="776" ind1="1" ind2=" ">
   <subfield code="z">9789461663696</subfield>
   <subfield code="c">PDF ebook</subfield>
  </datafield>
  <datafield tag="776" ind1="1" ind2=" ">
   <subfield code="z">9789461663696</subfield>
  </datafield>
  <datafield tag="776" ind1="0" ind2="8">
   <subfield code="i">Erscheint auch als</subfield>
   <subfield code="n">Online-Ausgabe</subfield>
   <subfield code="a">Moschovi, Alexandra</subfield>
   <subfield code="t">A gust of photo-philia</subfield>
   <subfield code="d">Leuven : Leuven University Press, 2020</subfield>
   <subfield code="h">1 Online-Ressource (329 Seiten)</subfield>
   <subfield code="w">(DE-627)1840009683</subfield>
   <subfield code="z">9789461663696</subfield>
  </datafield>
  <datafield tag="776" ind1="0" ind2="8">
   <subfield code="i">Erscheint auch als</subfield>
   <subfield code="n">Online-Ausgabe</subfield>
   <subfield code="a">Moschovi, Alexandra</subfield>
   <subfield code="t">A Gust of Photo-Philia</subfield>
   <subfield code="d">Leuven : Leuven University Press, 2021</subfield>
   <subfield code="h">1 online resource (331 pages)</subfield>
   <subfield code="w">(DE-627)1742638228</subfield>
   <subfield code="z">9789461663696</subfield>
  </datafield>
  <datafield tag="787" ind1="0" ind2="8">
   <subfield code="i">Rezensiert in</subfield>
   <subfield code="a">Siegel, Steffen, 1976 - </subfield>
   <subfield code="t">[Rezension von: Alexandra Moschovi, A gust of Photo-Philia, photography in the Art Museum - Andy Grundberg, How photography became contemporary art, inside an artistic revolution from pop to the digital age]</subfield>
   <subfield code="d">2022</subfield>
   <subfield code="w">(DE-627)1841897779</subfield>
  </datafield>
  <datafield tag="830" ind1=" " ind2="0">
   <subfield code="a">Lieven Gevaert series</subfield>
   <subfield code="v">29</subfield>
   <subfield code="9">29</subfield>
   <subfield code="w">(DE-627)546231039</subfield>
   <subfield code="w">(DE-576)493478450</subfield>
   <subfield code="w">(DE-600)2391189-X</subfield>
  </datafield>
  <datafield tag="856" ind1="4" ind2="2">
   <subfield code="u">https://swbplus.bsz-bw.de/bsz1748193066inh.htm</subfield>
   <subfield code="m">V:DE-576</subfield>
   <subfield code="m">B:DE-14</subfield>
   <subfield code="v">20220615193537</subfield>
   <subfield code="3">Inhaltsverzeichnis</subfield>
  </datafield>
  <datafield tag="936" ind1="r" ind2="v">
   <subfield code="a">AP 92100</subfield>
   <subfield code="b">International, Allgemeines</subfield>
   <subfield code="k">Medien- und Kommunikationswissenschaften, Kommunikationsdesign</subfield>
   <subfield code="k">Fotografie</subfield>
   <subfield code="k">Organisationsform, Beruf, Forschung</subfield>
   <subfield code="k">Archive, Sammlungen</subfield>
   <subfield code="k">International, Allgemeines</subfield>
   <subfield code="0">(DE-627)1270637010</subfield>
   <subfield code="0">(DE-625)rvk/8128:658</subfield>
   <subfield code="0">(DE-576)200637010</subfield>
  </datafield>
  <datafield tag="936" ind1="b" ind2="k">
   <subfield code="a">21.40</subfield>
   <subfield code="j">Photographie: Allgemeines</subfield>
   <subfield code="0">(DE-627)10640573X</subfield>
  </datafield>
  <datafield tag="936" ind1="b" ind2="k">
   <subfield code="a">20.06</subfield>
   <subfield code="j">Kunstphilosophie</subfield>
   <subfield code="j">Kunsttheorie</subfield>
   <subfield code="0">(DE-627)10641433X</subfield>
  </datafield>
  <datafield tag="936" ind1="b" ind2="k">
   <subfield code="a">02.30</subfield>
   <subfield code="j">Museumskunde</subfield>
   <subfield code="0">(DE-627)106403192</subfield>
  </datafield>
  <datafield tag="951" ind1=" " ind2=" ">
   <subfield code="a">BO</subfield>
  </datafield>
  <datafield tag="990" ind1=" " ind2=" ">
   <subfield code="a">Fotografie</subfield>
  </datafield>
  <datafield tag="990" ind1=" " ind2=" ">
   <subfield code="a">Sammeln</subfield>
  </datafield>
  <datafield tag="990" ind1=" " ind2=" ">
   <subfield code="a">Museum</subfield>
  </datafield>
  <datafield tag="990" ind1=" " ind2=" ">
   <subfield code="a">Kunstmuseum</subfield>
  </datafield>
  <datafield tag="990" ind1=" " ind2=" ">
   <subfield code="a">Museumsbestand</subfield>
  </datafield>
  <datafield tag="990" ind1=" " ind2=" ">
   <subfield code="a">Fotografie</subfield>
  </datafield>
  <datafield tag="990" ind1=" " ind2=" ">
   <subfield code="a">Ästhetik</subfield>
  </datafield>
  <datafield tag="990" ind1=" " ind2=" ">
   <subfield code="a">Sammlung</subfield>
  </datafield>
  <datafield tag="990" ind1=" " ind2=" ">
   <subfield code="a">Geschichte 1930-2020</subfield>
  </datafield>
  <datafield tag="991" ind1=" " ind2=" ">
   <subfield code="a">Rezensiertes Werk</subfield>
  </datafield>
  <datafield tag="999" ind1=" " ind2=" ">
   <subfield code="a">KXP-PPN1748193066</subfield>
   <subfield code="e">4314995548</subfield>
  </datafield>
 </record>
</collection>
